000 00729nam a2200253 i 4500
001 bg
100 1 _aWITT, Dariusz
245 1 0 _aĆwiczenia laboratoryjne z chemii organicznej /
_cDariusz Witt, Krystyna Dzierzbicka, Janusz Rachoń ; Politechnika Gdańska.
260 _aGdańsk :
_bWydaw. PG,
_c1998.
300 _a146 s. :
_brys. ;
_c24 cm.
504 _aIndeks.
650 9 _aChemia organiczna
655 _aPodręczniki akademickie
700 1 _aDZIERZBICKA, Krystyna
700 1 _aRACHOŃ, Janusz
710 0 _aPolitechnika Gdańska
020 _a8386537841
040 _cBPK
041 0 _apl
080 _a547(075.8)
920 _a83-86537-84-1
942 _cKS
008 s pl f |000 0 pol
999 _c37720
_d37720
856 _uhttp://koha.tu.koszalin.pl/cgi-bin/koha/opac-detail.pl?biblionumber=37720
_yKatalog online BPK